Normal view
MARC view
- تأليف عريبي، بشير محمد
Entry Personal Name
001 - CONTROL NUMBER
- control field: 16724
003 - CONTROL NUMBER IDENTIFIER
- control field: JO-AjAnu
005 - DATE AND TIME OF LATEST TRANSACTION
- control field: 20230606072951.0
008 - FIXED-LENGTH DATA ELEMENTS
- fixed length control field: 230606|| aca||aabn | a|a d
040 ## - CATALOGING SOURCE
- Original cataloging agency: JO-AjAnu
- Transcribing agency: JO-AjAnu
100 ## - HEADING--PERSONAL NAME
- Personal name: تأليف عريبي، بشير محمد
670 ## - SOURCE DATA FOUND
- Source citation: Work cat.: (JO-AjAnu)8588: تأليف عريبي، بشير محمد, author, الفن والمسرح في ليبيا